000 00656nam a2200241Ia 4500
003 OSt
005 20221007074836.0
006 a|||||r|||| 00| 0
007 ta
008 221006b |||||||| |||| 00| 0 eng d
020 _cRs. 60/-
024 _a16,240
037 _cTextual
040 _aFLL
_cFLL
_beng
041 _2eng
_aeng
082 _aX8(J)-755.2.N7, L4
100 _aShenoy B.R.
245 0 _aPL 480 aid and India's food problem
260 _aNew Delhi
_bAffiliated East-West Press Pvt. Ltd. India
_c1974
300 _a342p
_ccm.
942 _hX8(J)-755.2.N7, L4
_cTEXL
_2CC
999 _c1153881
_d1153881